000 00395 a2200169 4500
001 188975
020 _a978-85-359-1520-4
040 _cMagnum
100 _aLarsson, Stieg
240 1 0 _aA rainha do castelo de ar
_lpor
245 1 0 _aA rainha do castelo de ar
300 _a685
362 0 _a2009
440 1 _aCompanhia das Letras
697 _aLITERATURA GERAL ESTRANGEIRA
942 _cBK
999 _c188975
_d188975